Hodnotenie zamestnanosti vo vybraných regiónoch členských krajín Európskej únie

Hodnotenie zamestnanosti v 55 regiónoch nových členských krajín EÚ okrem pôvodných 15 členských krajín za rok 2005 na úrovni NUTS 2. Metóda hlavných komponentov. Matica komponentných saturácií. Výsledky hodnotenia.

Saved in:
Bibliographic Details
Main Author: Vojtková, Mária, 1966-
Format: Book Chapter
Language:Slovak
Subjects:
Tags: Add Tag
No Tags, Be the first to tag this record!

MARC

LEADER 00000naa$a2200000$$$4500
001 0088434
005 20240502072006.7
041 0 |a slo 
044 |a SK 
245 1 0 |a Hodnotenie zamestnanosti vo vybraných regiónoch členských krajín Európskej únie  |c Mária Vojtková 
520 |a Hodnotenie zamestnanosti v 55 regiónoch nových členských krajín EÚ okrem pôvodných 15 členských krajín za rok 2005 na úrovni NUTS 2. Metóda hlavných komponentov. Matica komponentných saturácií. Výsledky hodnotenia. 
610 2 0 |a zamestnanosť 
610 2 0 |a analýzy 
610 2 0 |a regióny 
610 2 0 |a Európska únia 
610 2 0 |a metódy štatistické 
610 2 0 |a štatistika 
100 1 |a Vojtková, Mária, 1966-